01670pab a2200145 454500008004000000100002700040245004700067260000900114300001400123362001200137520129100149650001801440700002601458773004001484180718b2008 xxu||||| |||| 00| 0 eng d aTripathi, Prakash Mani aSocio-economic challenges of globalization c2008 ap.717-25. aOct-Dec aIn general connotation globalization stands for free communication, destined for the rapid development at International level through the spread of social, economic, political, educational, ecological, cultural, scientific and technological advancement. Certainly, economy is the core of globalization but it has other dimensions too. Every dimension is related to some other dimension and each dimension has it's own branches and sub-branches which by different means and processes create a network of interdependence between different regions. thus, globalization involves a series of activities through which a region affects others and in turn gets affected by them. No doubt, globalization has caused the opening of innumerable opportunities. It believes in integrated system being conducted by the economic quality, product and profit but is far from its objectives of equality, eradication of poverty, unemployment, social disorganization, ecological degeneration and human security. In brief, globalization has resulted in establishing new standards of social, economic, political, cultural and ecological degeneration. In the present research paper, a brief attempt has been made to highlight social and economic challenges caused by the process of globalization. - Reproduced. aGlobalization aTiwari, Santosh Kumar aIndian Journal of Political Science